Southville International School and Colleges
Your cart is empty.
  • Cart
  • Lists
    Public lists Eva Luna New books Lux_list list_1
    Your lists Log in to create your own lists
  • Log in to your account
  • Your cookies
  • Search history
Southville International School and Colleges
  • Advanced search
  • Recent comments
  • Most popular
  • Libraries

Log in to your account

Log in with GOOGLE


If you do not have an external account, but do have a local account, you can still log in:

  1. Home
  2. MARC view: The Online millionaire :
Normal view MARC view ISBD view

The Online millionaire : (Record no. 357132)

[ view plain ]
MARC details
000 -LEADER
fixed length control field 00721nam a2200253Ia 4500
008 - FIXED-LENGTH DATA ELEMENTS--GENERAL INFORMATION
fixed length control field 180523s9999 xx 000 0 und d
020 ## - INTERNATIONAL STANDARD BOOK NUMBER
International Standard Book Number 0-471-78674-8
050 ## - LIBRARY OF CONGRESS CALL NUMBER
Classification number MAIN HF 5548.32
050 ## - LIBRARY OF CONGRESS CALL NUMBER
Item number .J69 2007
100 ## - MAIN ENTRY--PERSONAL NAME
Personal name Joyner, Amy.
245 #4 - TITLE STATEMENT
Title The Online millionaire :
245 #0 - TITLE STATEMENT
Remainder of title strategies for building a web-based empire on eBay and beyond /
245 #0 - TITLE STATEMENT
Statement of responsibility, etc Amy Joyner; developed by Literary Productions.
260 ## - PUBLICATION, DISTRIBUTION, ETC. (IMPRINT)
Place of publication, distribution, etc New Jersey :
260 ## - PUBLICATION, DISTRIBUTION, ETC. (IMPRINT)
Name of publisher, distributor, etc John Wiley & Sons,
260 ## - PUBLICATION, DISTRIBUTION, ETC. (IMPRINT)
Date of publication, distribution, etc 2007
300 ## - PHYSICAL DESCRIPTION
Extent 242 pages :
300 ## - PHYSICAL DESCRIPTION
Dimensions 24 cm.
650 ## - SUBJECT ADDED ENTRY--TOPICAL TERM
Topical term or geographic name as entry element eBay (Firm).
650 ## - SUBJECT ADDED ENTRY--TOPICAL TERM
Topical term or geographic name as entry element Electronic commerce.
650 ## - SUBJECT ADDED ENTRY--TOPICAL TERM
Topical term or geographic name as entry element Internet auctions.
650 ## - SUBJECT ADDED ENTRY--TOPICAL TERM
General subdivision Internet marketing.
650 ## - SUBJECT ADDED ENTRY--TOPICAL TERM
General subdivision Success in business.
Holdings
Withdrawn status Lost status Damaged status Home library Current library Shelving location Date acquired Total Checkouts Full call number Barcode Date last seen Price effective from Koha item type
      South Mansfield College South Mansfield College   06/18/2007   MAIN HF 5548.32 .J69 2007 SMC03575 05/23/2018 05/23/2018  

The Online millionaire :

APA

Joyner A., .The Online millionaire. New Jersey: .

Chicago

Joyner Amy, .The Online millionaire. New Jersey: .

Harvard

Joyner A., .The Online millionaire. New Jersey: .

MLA

Joyner Amy, .New Jersey: . .

  • Place hold
  • Print
  • Cite
  • Add to your cart (remove)
  • Save record
    BIBTEX Dublin Core MARCXML MARC (non-Unicode/MARC-8) MARC (Unicode/UTF-8) MARC (Unicode/UTF-8, Standard) MODS (XML) RIS
  • More searches
    Search for this title in:
    Other Libraries (WorldCat) Other Databases (Google Scholar) Online Stores (Bookfinder.com) Open Library (openlibrary.org)

Exporting to Dublin Core...

SOUTHVILLE LIBRARY

Southville International School and Colleges Library

1281 Tropical Ave. Cor. Luxembourg St., BF Homes International, Las Pinas City

Tel. No. 8256374 / 252358 Loc. 117/146

Powered by Koha